| 000 | 02395nam0a2200349 i 4500 | ||
|---|---|---|---|
| 001 | RU\NLR\BIBL_A\011318001 | ||
| 005 | 20260408115527.0 | ||
| 010 |
_a9785990937093 _9250 |
||
| 021 |
_aRU _b2016-100965 _96718 |
||
| 035 | _a(NILC)RuMoRGB-008122108 | ||
| 035 | _a(NLR Aleph) 011318001 | ||
| 090 |
_a11061312 _c11061312 |
||
| 100 | _a20170130d2016 km y0rusy50 ca | ||
| 101 | 0 | _arus | |
| 102 | _aRU | ||
| 105 | _aa|||z|||000zy | ||
| 200 | 1 |
_aАнтинаркотические программы Службы профилактики наркозависимости _eсборник _fПравительство Санкт-Петербурга, Ком. по молодеж. политике и взаимодействию с обществ. орг., С.-Петерб. гос. бюджет. учреждение Город. центр социальных прогр. и профилактики асоциальных явлений среди молодежи "Контакт" _g[Яковлева Е.С. и др.] |
|
| 210 |
_aСанкт-Петербург _cАмирит _d2016 |
||
| 215 |
_a85 с. _cцв. ил _d29 |
||
| 300 | _aНа обл.: Сборник антинаркотических программ Службы профилактики наркозависимости : "Санкт-Петербург - территория безопасности" | ||
| 512 | 1 |
_aСборник антинаркотических программ Службы профилактики наркозависимости _e"Санкт-Петербург - территория безопасности" |
|
| 606 |
_aНаркомания _jСборники _xПсихопрофилактика _92189812 _3RU\NLR\AUTH\661316405 |
||
| 606 | 1 |
_aНаркомания _jСборники _xПрофилактика _91735203 _3RU\NLR\AUTH\66775929 |
|
| 686 | 1 | _aЮ967я43 | |
| 686 | 1 | _aР120.482я43 | |
| 702 | 1 |
_4220 _aЯковлева _bЕ. С. _cпсихолог _f1990- _gЕкатерина Сергеевна _9169842 _3RU\NLR\AUTH\770169892 |
|
| 712 | 0 | 2 |
_4570 _a"Контакт", городской центр социальных программ и профилактики асоциальных явлений среди молодежи _cСанкт-Петербург _9427182 _3RU\NLR\AUTH\880380413 |
| 942 | _cBOOK | ||
| 980 | _aNBR | ||